It looks like you're offline.
Open Library logo
additional options menu

MARC record from Internet Archive

LEADER: 01202cam 2200277 a 4500
001 2004006863
003 DLC
005 20070220141852.0
008 040322s2004 mauab b 001 0 eng
010 $a 2004006863
020 $a1557868603 (alk. paper)
039 $a206670$cTLC
040 $aDLC$cDLC$dDLC
043 $aa-ir---
050 00 $aDS272$b.G27
082 00 $a955$222
100 1 $aGarthwaite, Gene R.$q(Gene Ralph),$d1933-
245 14 $aThe Persians /$cGene R. Garthwaite.
260 $aMalden, MA :$bBlackwell Pub.,$c2004.
300 $axviii, 311 p. :$bill., maps ;$c24 cm.
440 0 $aPeoples of Asia
504 $aIncludes bibliographical references (p. [286]-295) and index.
505 0 $aPersia : place and idea -- The Achaemenians (c.550-331 BC) -- Alexander (330-323 BC), the Selucids (312-129 BC) and Parthians (247 BC-AD 224) -- The Sasanians (c. 224-651) -- Non-Iran : Arabs, Turks, and Mongols in Iran -- The Safavids (1501-1722) -- The Qajars (1796-1926) -- Iran : 1921-2003 : the Pahlavi and Islamic Republican Iran.
651 0 $aIran$xHistory.
856 41 $3Table of contents$uhttp://www.loc.gov/catdir/toc/ecip0416/2004006863.html
949 $aEST$cDS272$d.G27$g39663100202753